书目信息 |
| 题名: |
城市污水自然生态处理与资源化利用技术
|
|
| 作者: | 孙铁珩 , 李宪法 主编 | |
| 分册: | ||
| 出版信息: | 北京 化学工业出版社 2006 |
|
| 页数: | 275页 | |
| 开本: | 26cm | |
| 丛书名: | ||
| 单 册: | ||
| 中图分类: | X799.303 | |
| 科图分类: | ||
| 主题词: | 城市污水--污水处理 , 城市污水--废水综合利用 , 城市污水 , 污水处理 , 废水综合利用 | |
| 电子资源: | ||
| ISBN: | 7-5025-7431-X | |
| 000 | 01093nam0 2200301 450 | |
| 001 | 003048863 | |
| 005 | 20060223123817.0 | |
| 010 | @a7-5025-7431-X@dCNY48.00 | |
| 035 | @a003048863 | |
| 100 | @a20050119d2006 em y0chiy0110 ea | |
| 101 | 0 | @achi |
| 102 | @aCN@b110000 | |
| 105 | @ay z 000yy | |
| 106 | @ar | |
| 200 | 1 | @a城市污水自然生态处理与资源化利用技术@Acheng shi wu shui zi ran sheng tai chu li yu zi yuan hua li yong ji shu@f孙铁珩,李宪法主编@Fsun tie hang, li xian fa zhu bian |
| 210 | @a北京@c化学工业出版社@d2006 | |
| 215 | @a275页@d26cm | |
| 330 | @a本书详细地论述了污水资源化生态学技术的特点、工艺条件、设计指南和实际应用的范例。全书分上、下两篇,上篇是城市污水资源化土地处理技术,下篇是城市污水资源化稳定塘技术。 | |
| 606 | 0 | @a城市污水@x污水处理 |
| 606 | 0 | @a城市污水@x废水综合利用 |
| 606 | 0 | @a城市污水 |
| 606 | 0 | @a污水处理 |
| 606 | 0 | @a废水综合利用 |
| 690 | @aX799.303@v4 | |
| 701 | 0 | @a孙铁珩@Asun tie heng@f(1938.3~)@4主编 |
| 701 | 0 | @a李宪法@Ali xian fa@c(污水处理)@4主编 |
| 801 | 0 | @aCN@bNLC@c20060224 |
| 905 | @dX703@e61 @f5 | |
| 城市污水自然生态处理与资源化利用技术/孙铁珩,李宪法主编.-北京:化学工业出版社,2006 |
| 275页;26cm |
| ISBN 7-5025-7431-X:CNY48.00 |
| 本书详细地论述了污水资源化生态学技术的特点、工艺条件、设计指南和实际应用的范例。全书分上、下两篇,上篇是城市污水资源化土地处理技术,下篇是城市污水资源化稳定塘技术。 |
| ● |
| 相关链接 |
|
|
|
|
正题名:城市污水自然生态处理与资源化利用技术
索取号:X703/61
 
预约/预借
| 序号 | 登录号 | 条形码 | 馆藏地/架位号 | 状态 | 备注 |
| 1 | 0578499 | 205784999 | 第二样本阅览室/ [索取号:X703/61] | 在馆 | |
| 2 | 0578500 | 205785006 | 第三借阅区/ [索取号:X703/61] | 在馆 | |
| 3 | 0578501 | 205785015 | 第三借阅区/ [索取号:X703/61] | 在馆 | |
| 4 | 0578502 | 205785024 | 第三借阅区/ [索取号:X703/61] | 在馆 | |
| 5 | 0578503 | 205785033 | 第三借阅区/ [索取号:X703/61] | 在馆 | |
| 6 | 0578504 | 205785042 | 第三借阅区/ [索取号:X703/61] | 在馆 | |
| 7 | 0578505 | 205785051 | 第三借阅区/ [索取号:X703/61] | 在馆 | |
| 8 | 0578506 | 205785060 | 第三借阅区/ [索取号:X703/61] | 在馆 | |
| 9 | 0850717 | 208507178 | 第三借阅区/ [索取号:X703/61] | 在馆 | |
| 10 | 0850718 | 208507187 | 第三借阅区/ [索取号:X703/61] | 在馆 | |
| 11 | 0850719 | 208507196 | 第三借阅区/ [索取号:X703/61] | 在馆 | |
| 12 | 0850720 | 208507203 | 第三借阅区/ [索取号:X703/61] | 在馆 | |
| 13 | 0850721 | 208507212 | 第三借阅区/ [索取号:X703/61] | 在馆 |